007530000a22002170004500003001100000005001700011008004100028020001400069040003900083041000800122082001500130100001800145245011700163250001300280260003600293300004400329650005000373942000700423952009000430999001500520LK-CoMWRAF20240212101724.0230817t1969 ||||| |||| 00| 0 eng d a460030159 aLK-CoMWRAFdLK-CoMWRAFeLK-CoMWRAF aeng a421.5bJON aJones, Daniel aEveryman's English pronouncing dictionary:bcontaining over 58,000 words in international phonetic transcription a13th Ed. aLondon:bJ.M. Dent & Sonsc1969 axlvi, 544 p ; 20 cm.bGlossary included aENGLISH LANGUAGE-Pronunciation--Dictionaries. cBK 00104070aMAINbMAINd2023-08-17l0o421.5 JONpRAF1663r2023-08-17w2023-08-17yBK c1626d1626